CAC 40 Company Logo - Statistics

General Stats
  • This quiz has been taken 11 times
  • The average score is 18 of 40
Answer Stats
Picture Hint Answer % Correct
Cosmetic L'Oréal
100%
Pneumatic, tourism Michelin
88%
Automobile Renault
88%
Distribution Carrefour
75%
Luxury Hermès
75%
Telecommunications Orange
75%
Oil industry, industrial gas TotalEnergies
75%
Insurance, financial services Axa
63%
Banking, financial services, insurance BNP Paribas
63%
Banking, financial services, insurance Crédit agricole
63%
Agri-food Danone
63%
Energy, industrial gas, oil industry Engie
63%
Luxury LVMH
63%
Hospitality, tourism Accor
50%
Aeronautics, defense Airbus
50%
Industrial gas Air Liquide
50%
Computer services Capgemini
50%
Aeronautics, defense Safran
50%
Banking, financial services, insurance Société générale
50%
Construction, real estate, media, telecommunications Bouygues
38%
Construction, highways Eiffage
38%
Luxury Kering
38%
Pharmacy Sanofi
38%
Technologies STMicroelectronics
38%
Construction, Real Estate, Highways Vinci
38%
Steel, building materials ArcelorMittal
25%
Optical EssilorLuxottica
25%
Liquor Pernod Ricard
25%
Building materials, glass Saint-Gobain
25%
Electrical equipment Schneider Electric
25%
Automobile Stellantis
25%
Property Unibail-Rodamco-Westfield
25%
Environment, energy Veolia
25%
Certification Bureau Veritas
13%
IT services, technologies Dassault Systèmes
13%
Biotechnology Eurofins Scientific
13%
Stock Exchange Euronext
13%
Electrical equipment Legrand
13%
Advertising, media Publicis
13%
Aeronautical equipment manufacturer Thales
13%
No matching quizzes found
Score Distribution
Percent of People with Each Score
Percentile by Number Answered
Your Score History
You have not taken this quiz